000 01467nam a2200361 a 4500
001 ebr10480218
003 CaPaEBR
006 m u
007 cr cn|||||||||
008 101004s2011 enkad sb 000 0 eng d
010 _z 2010039227
020 _z1848162456 (hardcover : alk. paper)
020 _z9781848162457
020 _z9781848162778 (e-book)
040 _aCaPaEBR
_cCaPaEBR
035 _a(OCoLC)733048100
050 1 4 _aQA9.59
_b.C66 2011eb
082 0 4 _a511.3/52
_222
245 0 0 _aComputability in context
_h[electronic resource] :
_bcomputation and logic in the real world /
_ceditors, S. Barry Cooper, Andrea Sorbi.
260 _aLondon :
_bImperial College Press ;
_aSingapore ;
_aHackensack, N.J. :
_bWorld Scientific Pub. Co.,
_c2011.
300 _aviii, 410 p. :
_bill. (some col.)
504 _aIncludes bibliographical references.
533 _aElectronic reproduction.
_bPalo Alto, Calif. :
_cebrary,
_d2011.
_nAvailable via World Wide Web.
_nAccess may be limited to ebrary affiliated libraries.
650 0 _aComputable functions.
650 0 _aComputational intelligence.
650 0 _aSet theory.
650 0 _aMathematics
_xPhilosophy.
655 7 _aElectronic books.
_2local
700 1 _aCooper, S. B.
_q(S. Barry)
700 1 _aSorbi, Andrea,
_d1956-
710 2 _aebrary, Inc.
856 4 0 _uhttp://site.ebrary.com/lib/rucke/Doc?id=10480218
_zAn electronic book accessible through the World Wide Web; click to view
999 _c118280
_d118280